Music Quiz

Random Music or Song Quiz

Eminem's best songs Quiz Stats

 Plays Quiz not verified by Sporcle

Score 0/23 Timer 07:00
0 Plays Today
Hint Answer % Correct
Marshall Mathers LPThe Real Slim Shady
100%
The Eminem ShowWithout Me
100%
8 MileLose Yourself
90%
The Slim Shady LPMy Name Is
90%
The Eminem ShowSing For The Moment
90%
D12My Band
90%
EncoreMockingbird
90%
EncoreJust Lose It
90%
Marshall Mathers LPStan
80%
The Eminem ShowCleanin' Out My Closet
80%
RecoveryLove The Way You Lie
80%
Marshall Mathers LP 2Monster
80%
Hint Answer % Correct
Marshall Mathers LP 2Rap God
70%
RecoveryNo Love
70%
Drake's AlbumForever
70%
The Eminem ShowTill I Collapse
60%
The Eminem ShowWhite America
60%
EncoreLike Toy Soldiers
60%
The Eminem ShowBusiness
60%
RecoveryI'm Not Afraid
50%
Curtain Call: The HitsWhen I'm Gone
40%
The Slim Shady LP'97 Bonnie & Clyde
40%
Akon's AlbumSmack That
30%

You're not logged in!

Compare scores with friends on all Sporcle quizzes.
OR
Log In

Show Comments

Extras

Created May 21, 2019ReportNominate
Tags:Song Quiz, Eminem

Top Quizzes Today


Score Distribution

Your Account Isn't Verified!

In order to create a playlist on Sporcle, you need to verify the email address you used during registration. Go to your Sporcle Settings to finish the process.

Report this User

Report this user for behavior that violates our Community Guidelines.

Details: